000 00565nam a2200157 i 4500
001 24113
003 ES-MaACL
005 20230906153007.0
007 t|
008 021216s1926 sp ||||1| spa d
245 0 0 _aAnteproyecto de informe de la Asociación de la Banca Española del Centro de España, que se sometió a los señores socios
_b: octubre 1926.
260 _aMadrid :
_b[s.n.,
_c1926] (
_fTip. Ernesto Catalá)
300 _a60 p. ;
_c22 cm.
710 2 _aAsociación de la Banca Española del Centro de España.
_91605
852 _aES-MaACL
_j1633-F-17
999 _c24113
_d24113